Central Library OPAC University of Rajshahi

Electronic interpretations of organic chemistry / (Record no. 9701)

MARC details
000 -LEADER
fixed length control field 00809nam a2200253 a 4500
001 - CONTROL NUMBER
control field 9701
003 - CONTROL NUMBER IDENTIFIER
rucl marc code BD-RjUL
005 - DATE AND TIME OF LATEST TRANSACTION
control field 20211208234824.0
008 - FIXED-LENGTH DATA ELEMENTS--GENERAL INFORMATION
fixed length control field 170504r19461943nyua 001 0 eng d
035 ## - SYSTEM CONTROL NUMBER
System control number (BD-RjUL)9746
040 ## - CATALOGING SOURCE
Original cataloging agency DLC
Transcribing agency OKentU
Modifying agency BD-RjUL
Language of cataloging eng
041 ## - LANGUAGE CODE
Language code of text/sound track or separate title eng
082 ## - DEWEY DECIMAL CLASSIFICATION NUMBER
Classification number 547
Author mark and year REE 1946
Edition number 23
100 1# - MAIN ENTRY--PERSONAL NAME
Personal name Remick, Arthur Edward
Dates associated with a name 1899-
9 (RLIN) 30001
245 10 - TITLE STATEMENT
Title Electronic interpretations of organic chemistry /
Statement of responsibility, etc. A. Edward Remick
260 ## - PUBLICATION, DISTRIBUTION, ETC. (IMPRINT)
Place of publication, distribution, etc. New York :
Name of publisher, distributor, etc. J. Wiley & Sons, inc.,
Place of publication, distribution, etc. London :
Name of publisher, distributor, etc. Chapman & Hall, limited,
Date of publication, distribution, etc. c1943 [printing 1946].
300 ## - PHYSICAL DESCRIPTION
Pagination v, 474p. :
Illustrations ill. ;
Size 22 cm.
504 ## - BIBLIOGRAPHY, ETC. NOTE
Bibliography, etc Includes index.
650 #0 - SUBJECT ADDED ENTRY--TOPICAL TERM
Topical term or geographic name as entry element Chemistry, Organic.
9 (RLIN) 28406
Topical term or geographic name as entry element Chemistry, Physical and theoretical.
9 (RLIN) 30002
Topical term or geographic name as entry element Electrons.
9 (RLIN) 27747
942 ## - ADDED ENTRY ELEMENTS (KOHA)
Source of classification or shelving scheme Dewey Decimal Classification
Koha item type Books
Holdings
Lost status Source of classification or shelving scheme Damaged status Not for loan Collection code Permanent Location Current Location Shelving location Date acquired Source of acquisition Total Checkouts Full call number Date last seen Copy number Koha item type Cost, normal purchase price
  Dewey Decimal Classification     Non-fiction Central Library, University of Rajshahi Central Library, University of Rajshahi   11/05/1976 B. N. B. C.   547 REE 1946 21/01/2014 C-2 Books  
  Dewey Decimal Classification   Not For Loan Non-fiction Central Library, University of Rajshahi Central Library, University of Rajshahi Reading Room 20/09/1957 Pub. Oriented Ltd   547 REE 1949 11/04/2017 C-1 Books 60.00